[Event "Caplin British Online-ch Women 2020"]
[Site "Online"]
[Date "2020.12.29"]
[Round "6.3"]
[White "Kanyamarala, Trisha"]
[Black "Pert, Nina"]
[Result "0-1"]
[WhiteElo "2180"]
[BlackElo "1537"]
[Annotator "TA"]
[PlyCount "138"]
[EventDate "2020.12.21"]
[EventType "swiss"]
[EventCountry "NET"]
[SourceTitle "playchess.com"]
[Source "ChessBase"]
[SourceQuality "1"]

{[%evp 12,138,71,29,67,0,0,0,0,0,21,26,70,58,63,46,97,95,111,111,113,109,110,110,113,111,115,112,121,108,112,101,108,108,124,77,84,73,95,92,80,54,54,65,66,55,75,21,39,25,93,0,165,95,151,99,112,94,94,94,94,95,97,76,77,24,91,61,97,95,95,-210,-217,-205,-208,-215,-167,-204,-205,-217,-114,-197,-185,-175,-165,-256,-58,-236,-233,-171,-21,-159,-131,-398,-384,-372,-372,-444,-420,-558,-480,-2270,-2211,-2578,-2336,-12841,-1684,-1569,-1389,-1582,-1496,-12845,-12845,-12845,-12845,-29982,-12847,-29994,-29995,-29995,-29996,-29996,-29997,-29997,-29994,-29995,-29996,-29996,-29995]} 1. d4 d5 2. c4 e6 3. Nc3 c5 4. cxd5 cxd4 5. Qa4+ Bd7 6. Qxd4 exd5 7. Nf3 ({Much worse is} 7. Nxd5 Nc6 $11) 7... Nc6 {D32: Tarrasch Defence: Sidelines and lines without g3.} 8. Qd1 (8. Qxd5 $14 Nf6 9. Qd2) 8... Nf6 $11 9. Bg5 Be6 {The position is equal.} 10. e3 {[#]} Bb4 $146 ({Predecessor:} 10... h6 11. Bf4 Ne4 12. Rc1 Qa5 13. Nd4 Nxd4 14. Qxd4 a6 15. Bd3 Nf6 16. O-O Qb4 {1-0 (65) Jelinek,M (2173)-Prochazka,D (2153) Prague 2017}) 11. Rc1 Bg4 12. Be2 O-O 13. O-O Bxc3 (13... Be6 $14) 14. Rxc3 $16 Qd6 {With the idea ...Ne4.} 15. Bxf6 Qxf6 16. Qxd5 Rad8 17. Qb5 Rd7 18. h3 a6 19. Qa4 Bh5 20. Qb3 Rfd8 21. Rc5 Bg6 22. Qc3 Qe7 23. Ne5 Nxe5 24. Rxe5 Qh4 25. Bg4 Rd6 26. Qc7 {aiming for Qxd6!} h5 27. Bf3 Qf6 28. Rc5 R6d7 29. Qg3 (29. Qe5 $16) 29... Qxb2 $11 30. Bxh5 Rd6 (30... Bxh5 $11 31. Rxh5 b5) 31. Qh4 (31. Bxg6 $16 Rxg6 32. Qh4) 31... Qb6 (31... b6 $11 32. Rg5 Bd3) 32. Re5 (32. Rfc1 $18) 32... Rc8 (32... Qb2 $142 33. Re7 Bxh5 34. Qxh5 g6) 33. Bxg6 (33. Bf3 $142) 33... Rxg6 $16 34. Rh5 {[%csl Gh4][%cal Rh5h8]} (34. Rd1 {keeps more tension.} Rd6 35. Red5 Rxd5 36. Rxd5 Qb2 37. a4) 34... Rh6 35. Rxh6 Qxh6 {[%mdl 4096] Endgame KQR-KQR} 36. Qe7 Qc6 37. Rb1 b5 38. Rb4 (38. Rd1 $16) 38... Qc1+ 39. Kh2 Qc7+ 40. Qxc7 Rxc7 {KR-KR} 41. a4 $2 {[%mdl 8192]} (41. Kg3 $16 {keeps the pressure on.}) 41... Rc4 $19 42. Rb2 Rxa4 ({Inferior is} 42... bxa4 43. Rb8+ Kh7 44. Rb6 $14) 43. Kg3 {[#]} b4 $1 44. Kf3 a5 45. Ke4 Kf8 (45... Ra3 $19 46. g4 b3) 46. Kd3 (46. Kd5 $17 {is a better defense.}) 46... Ke7 47. Kc4 Ra1 48. Kb3 (48. h4 $142) 48... Ke6 $2 (48... Kd6 $19 49. Rc2 Ra3+ 50. Kc4 b3) 49. Rc2 (49. Rd2 $15) 49... Ra3+ 50. Kb2 Kd5 ({Black should try} 50... Rd3 $19 {...a4 is the strong threat.} 51. Kc1 Kd5) 51. Rd2+ (51. Rc7 $11 {keeps the balance.}) 51... Kc6 $17 52. Rc2+ $2 {[%mdl 8192]} (52. Rd8 $17 {was worth a try.}) 52... Kb5 $19 53. Rc7 {[#]} a4 $1 54. Rb7+ Ka5 55. Ra7+ Kb6 56. Rxf7 (56. Ra8 $142 Rb3+ 57. Ka2) 56... Rd3 57. Rf4 a3+ 58. Ka2 Ka5 (58... Rd2+ $142 59. Kb1 Kb5) 59. Rf8 Ka6 60. Rb8 Rd2+ 61. Ka1 Ka5 62. Ra8+ Kb5 63. e4 Kc4 (63... Rxf2 $142 64. g4 Re2 65. h4 Rxe4 66. g5 Re1+ 67. Ka2 Re2+ 68. Kb1 Kc4 69. h5 Kc3 70. Rc8+ Kb3 71. Kc1 a2 72. Ra8 Rh2 73. g6 Kc3 74. Kd1 b3 75. h6 b2 76. Rc8+ Kd4 77. Rd8+ Kc5 78. Rc8+ Kb6 79. Rb8+ Ka7 80. Rb7+ Kxb7 81. hxg7 b1=Q#) 64. Rc8+ Kb3 {Black mates.} 65. Rc1 a2 66. e5 Ka3 67. Rb1 axb1=Q+ 68. Kxb1 b3 {[%cal Rd2d1]} 69. Kc1 Re2 {Weighted Error Value: White=0.74/Black=0.44} 0-1

[Event "Caplin British Online-ch Women 2020"]
[Site "Online"]
[Date "2020.12.29"]
[Round "6.4"]
[White "Putar, Lara"]
[Black "Lampard, Alice"]
[Result "1-0"]
[WhiteElo "1930"]
[BlackElo "1763"]
[Annotator "TA"]
[PlyCount "125"]
[EventDate "2020.12.21"]
[EventType "swiss"]
[EventCountry "NET"]
[SourceTitle "playchess.com"]
[Source "ChessBase"]
[SourceQuality "1"]

{[%evp 12,124,19,-27,34,18,26,0,0,-20,-6,0,98,85,89,89,92,93,106,104,91,81,87,20,79,100,100,94,104,102,107,141,255,230,372,267,264,252,210,206,287,285,572,551,695,551,465,401,369,272,464,357,287,79,72,83,36,17,211,211,341,336,820,799,799,799,799,799,799,799,886,817,1534,1372,1529,1352,5325,4850,5531,3398,29976,5762,29989,29979,29986,29984,29984,29985,29984,29985,29985,29985,29985,29986,29986,29987,29987,29988,29989,29990,29991,29992,29992,29993,29993,29994,29994,29993,29995,29996,29997,29998,29998,29999,29999]} 1. d4 Nf6 2. c4 g6 3. Nf3 Bg7 4. g3 O-O 5. Bg2 d5 6. O-O c6 {6...c6 is better than 6...dxc4.} 7. Nc3 Na6 {D78: Fianchetto Grünfeld: 6 0-0 c6.} (7... dxc4 $11 8. e4 b5) 8. b3 {[#]} Be6 $146 ({Predecessor:} 8... Nc7 9. Bb2 Rb8 10. Rc1 Bf5 11. Nh4 Be6 12. Re1 dxc4 13. e4 cxb3 14. axb3 Nfe8 15. e5 Nd5 16. Ne4 Bd7 {0-1 (52) Brandt,W (1699)-Stein,J (1280) Leipzig 2017}) 9. Ng5 Bf5 {The position is equal.} 10. Bb2 dxc4 11. bxc4 Nb4 (11... e5 $11 {keeps the balance.}) 12. e4 $16 Bg4 13. f3 {[#] And now a3 would win.} Bc8 14. e5 Ne8 15. a3 Na6 16. f4 $36 {[%mdl 2048] White is on the roll.} Nec7 17. g4 ({Better is} 17. Be4 $16) 17... Ne6 (17... f6 $11 {remains equal.} 18. Nge4 fxe5 19. fxe5 Rxf1+ 20. Bxf1 Rb8) 18. Nxe6 Bxe6 19. d5 cxd5 20. cxd5 Bc8 21. Ne4 Qa5 (21... Nc7 $16) 22. f5 Nc7 (22... Nc5 $142 23. Bc3 Qb5 24. Nxc5 Qxc5+ 25. Bd4 Qc7) 23. f6 exf6 24. exf6 Bh8 25. d6 Nd5 {Black wants to play ...Ne3.} 26. Qd4 Qb6 $2 (26... Nb6 27. Nc5 Bxg4) 27. Nc5 $18 Be6 28. Nxe6 fxe6 29. Qxb6 Nxb6 30. Rac1 Rf7 $2 (30... Rad8 {was called for.} 31. Bxb7 Rxd6) 31. Rc7 Rd8 32. Be5 ({Don't do} 32. Bxb7 $6 Rxd6 33. Re7 Rd8 $18) ({Don't play} 32. Rxb7 $6 Nc4 $16) (32. g5 $18 {Bh3 is the strong threat.} Rxd6 33. Re7 (33. Rxb7 Rxb7 34. Bxb7 Kf7 $18)) 32... Nd7 $16 33. Bg3 {Strongly threatening g5.} Bxf6 34. Rxb7 {aiming for Kh1.} Rdf8 $2 {This costs Black the game.} (34... Bd4+ $11 {and Black stays safe.} 35. Kh1 Rxf1+ 36. Bxf1 Ne5) 35. Kh1 $18 a5 (35... Nb6 $142 36. Rxf7 Rxf7) 36. Bc6 Rd8 (36... Nc5) 37. g5 Bxg5 38. Rxf7 Kxf7 39. Rxd7+ Rxd7 40. Bxd7 Bc1 41. a4 g5 42. Kg2 Bb2 43. Kf3 h5 44. h3 Kf6 45. Ke4 {Intending Be8 and mate.} Bc3 46. Bf2 (46. Bb5 $142 Kg6 47. d7 Bf6 48. Bc7 g4 49. hxg4 h4 50. Bxa5 h3 51. Kf3) 46... g4 47. hxg4 {White mates.} hxg4 48. Bd4+ Bxd4 49. Kxd4 {[%mdl 4096] Endgame KB-K3P} g3 50. Bc6 e5+ 51. Ke3 Ke6 52. d7 Ke7 53. Kf3 e4+ 54. Kxg3 {KB-KPP} Kd8 55. Kf4 Kc7 56. Kxe4 {KB-KP} Kd8 57. Ke5 Kc7 {[#]} 58. Ke6 $1 Kd8 59. Bb5 Kc7 60. Ke7 Kb7 61. d8=Q Ka7 62. Qc7+ Ka8 63. Bc6# {Weighted Error Value: White=0.38/Black=0.80} 1-0

[Event "Caplin British Online-ch Women 2020"]
[Site "Online"]
[Date "2020.12.29"]
[Round "6.5"]
[White "Emelianova, Maria"]
[Black "Lowry-O`Reilly, Hannah"]
[Result "1-0"]
[WhiteElo "2113"]
[BlackElo "1708"]
[Annotator "TA"]
[PlyCount "145"]
[EventDate "2020.12.21"]
[EventType "swiss"]
[EventCountry "NET"]
[SourceTitle "playchess.com"]
[Source "ChessBase"]
[SourceQuality "1"]

{[%evp 10,145,31,19,22,25,33,16,13,14,21,17,20,18,22,0,13,11,31,31,45,51,70,1,0,-43,-55,-38,16,19,61,58,50,52,50,24,50,52,49,38,57,-18,-18,-11,34,36,56,47,114,120,131,137,134,64,66,0,326,325,278,278,422,424,443,278,271,271,483,504,615,397,460,452,457,467,451,360,360,373,374,362,372,368,362,332,649,653,598,595,516,467,469,397,401,402,387,376,376,359,387,369,362,65,498,498,444,427,682,682,815,789,29956,29960,29978,2242,863,0,29978,29979,29978,29970,5600,29970,12806,12796,6538,4627,29983,29985,29985,29986,29986,29987,29987,29988,29988,29989,29990,29991]} 1. d4 d5 2. Bf4 Nf6 3. Nf3 c6 4. e3 Bf5 5. c4 e6 6. Nbd2 Be7 {D02: 1 d4 d5 2 Nf3 sidelines, including 2...Nf6 3 g3 and 2...Nf6 3 Bf4.} 7. Qb3 Qc8 8. Bd3 (8. h3 {with more complications.} O-O 9. Be2 h6 10. O-O Nbd7 11. Rac1) 8... Bxd3 {The position is equal.} 9. Qxd3 Nbd7 10. O-O O-O {[#]} 11. h3 $146 ({Predecessor:} 11. e4 dxe4 12. Nxe4 Nxe4 13. Qxe4 Nf6 {½-½ (13) Jimenez Fraga,P (2464)-Alvarez Pedraza,A (2551) Barcelona 2011}) 11... Re8 12. c5 b6 13. b4 Bd8 14. Rfc1 bxc5 15. bxc5 Bc7 16. Ne5 (16. Bd6 $14) 16... Nxe5 $11 17. dxe5 Nd7 18. Nf3 f6 (18... Rb8 $15) 19. exf6 Bxf4 20. f7+ Kxf7 {aiming for ...Be5.} 21. exf4 {Ng5+ is the strong threat.} Kg8 22. Ng5 Nf8 23. Re1 $36 {[%mdl 2048] White has some pressure.} Qc7 24. g3 Rab8 25. Re5 ({Better is} 25. Qc3 $14) 25... h6 26. Nf3 {[%cal Bg5f3,Bf3d4,Bd4f5][%mdl 32]} Qa5 27. Rae1 Qxc5 28. f5 {[%cal Rf5e6]} Re7 (28... Qb5 $14 29. Qe3 Qb6) 29. fxe6 $16 Rbe8 {[%cal Re7e6]} 30. Nd4 Qb6 31. Rb1 (31. a4 $16) 31... Qc7 $1 $14 {[%cal Rc7e5]} 32. Rbe1 (32. Re3 $14) 32... c5 $2 {[%mdl 8192] White leaves nothing to chance now.} (32... Qb6 $1 $11 {and Black is okay.}) 33. Nf5 $18 Rxe6 34. Qxd5 {[%cal Re5e6][%mdl 64] [#] Double Attack} Qf7 (34... Kf7 $142 35. R1e4 Qd8) 35. Nd6 Rxd6 36. Qxf7+ Kxf7 37. Rxe8 {[%mdl 4096] Endgame KRR-KRN} Rd7 $2 (37... Ne6) 38. R8e5 Rc7 39. Kg2 Ng6 40. Rf5+ Kg8 41. Rc1 c4 42. f4 Ne7 43. Re5 Kf7 44. Kf3 Nc8 45. a4 Nd6 46. Rd5 Nc8 (46... Ke6) 47. Rd4 c3 48. Rd3 c2 49. Ke2 Nb6 50. Kd2 Nxa4 51. Rxc2 Re7 52. Ra3 Nb6 53. Kd3 Rd7+ 54. Ke4 Re7+ 55. Kf5 $2 (55. Kf3 $18) 55... g6+ $2 {[%mdl 8192]} (55... Nd5 $14 56. Kg4 (56. Rca2 $2 {leads to mate.} Nf6 57. Rxa7 g6#) 56... Ne3+ 57. Rxe3 Rxe3) 56. Kg4 Nd5 {and the idea ...Ne3+ leaves Black hopeful.} 57. Rca2 Kf6 (57... a6 $142 58. Ra5 (58. Rxa6 Nb4 $16) 58... Nc3) 58. Rxa7 h5+ 59. Kh4 Ne3 60. R2a6+ Kf5 61. Ra5+ (61. g4+ $142 Kxf4 62. Rf6+ Ke5 63. Rxe7+ Kd4 64. Rd6+ Kc5 65. Rxg6 Nd5 66. Rg5) 61... Kf6 62. R5a6+ (62. R7a6+ $18 Kf7 63. Kg5) 62... Kf5 $1 {[%cal Re3g2]} 63. g4+ $1 {[%mdl 64] Double Attack} Kxf4 64. Ra4+ Re4 65. Rxe4+ Kxe4 {KR-KN} 66. Kg5 hxg4 67. hxg4 Kf3 68. Ra3 {White mates.} Ke4 {[#]} 69. Rxe3+ $1 {[%mdl 512]} Kxe3 70. Kxg6 Kf4 71. g5 Kg4 72. Kf6 Kh5 73. g6 {Weighted Error Value: White=0.32/Black=0.63} 1-0

[Event "Caplin British Online-ch Women 2020"]
[Site "Online"]
[Date "2020.12.29"]
[Round "6.6"]
[White "Posadas, Rayelynn"]
[Black "Smith, Olivia"]
[Result "0-1"]
[WhiteElo "1703"]
[BlackElo "2012"]
[Annotator "TA"]
[PlyCount "86"]
[EventDate "2020.12.21"]
[EventType "swiss"]
[EventCountry "NET"]
[SourceTitle "playchess.com"]
[Source "ChessBase"]
[SourceQuality "1"]

{[%evp 14,86,64,4,44,-14,0,-17,-12,-8,-14,-13,-5,-8,31,27,31,31,31,27,44,-11,57,4,7,-69,-55,-66,-79,-150,-143,-139,-112,-134,-108,-110,-103,-186,-189,-190,-176,-344,-253,-163,0,-348,-350,-392,-372,-534,-529,-627,-617,-621,-609,-1196,-786,-1277,-593,-629,-622,-927,-909,-822,-474,-420,-270,-611,-365,-777,-375,-2912,-2787,-2324,-2170]} 1. d4 Nf6 2. Nf3 g6 3. g3 Bg7 4. Bg2 O-O 5. O-O d6 6. c4 Nc6 7. Nc3 e5 8. e3 {8.dxe5 gains popularity.} (8. d5 $14 Ne7 9. e4) 8... Re8 {E62: King's Indian: Fianchetto: 6...c6 and Panno Variation (6...Nc6) without ...a6.} 9. h3 (9. d5 $14 Nb8 10. e4) 9... h5 10. Re1 e4 {The position is equal.} 11. Nd2 {[%cal Rd2e4]} Bf5 12. a3 {[#]} a5 $146 ({Predecessor:} 12... Qd7 13. Kh2 a6 14. b4 b5 15. cxb5 axb5 16. Bb2 Rab8 17. Rc1 Nd8 18. Qc2 d5 {0-1 (61) Manolache,M (2541)-Kamsky,G (2674) chess.com INT 2020}) 13. b3 Qd7 14. Kh2 Re7 15. Bb2 Rae8 16. Qe2 Nd8 17. Rac1 (17. d5 $14) 17... b6 (17... Ne6 $11) 18. Rg1 (18. d5 $14) 18... Ne6 $11 19. Nd5 ({White should try} 19. Rgd1 $11) 19... Nxd5 $15 20. cxd5 Ng5 {[%cal Rf5h3]} 21. h4 (21. Qf1 $142) 21... Nh7 $17 22. Nb1 Nf6 23. Nc3 Kh7 24. Rge1 Bg4 25. Qf1 (25. Qd2 $17) 25... Qf5 $19 26. Rc2 Bh6 ({But not} 26... Nxd5 27. Nxd5 Qxd5 28. Qc4 $17) 27. Rec1 $2 (27. Nb5 Nxd5 28. Rec1) 27... Bf3 ({Less strong is} 27... Nxd5 28. Nxd5 Qxd5 29. Rxc7 $15) 28. Bh3 Bg4 (28... Ng4+ 29. Bxg4 hxg4) 29. Bg2 $1 g5 ({Weaker is} 29... Nxd5 30. Nxd5 Qxd5 31. Rxc7 $15) 30. hxg5 Bxg5 31. Ne2 (31. Bh3 $142 h4 32. Qg2 Bxh3 33. Qxh3 Ng4+ {[%mdl 64] Double Attack} 34. Kg1) 31... h4 32. Nf4 hxg3+ 33. fxg3 {If White can now play Kg1 this consolidates a bit.} Bxf4 34. gxf4 Nxd5 35. Qf2 Kg7 (35... Qh5+ $142 36. Kg1 Rg8) 36. Kg1 Rh8 37. Qg3 Kf8 38. Kf2 Bf3 39. Rg1 Ke8 40. Bf1 $2 (40. Qg5 Qxg5 41. fxg5) 40... Kd8 41. Bb5 $2 {[#]} (41. Bg2) 41... Nf6 (41... Nxe3 $142 $1 {[%mdl 512]} 42. Qg8+ {[#]} Re8 $3 {[%mdl 512]} 43. Qg5+ Qxg5 44. fxg5 Nxc2 45. Bxe8 Kxe8) 42. Rgc1 $2 (42. a4 Rh3 43. Qg5 Rh2+ 44. Ke1 Qxg5 45. fxg5 Rxc2 46. gxf6) 42... Ng4+ 43. Ke1 Qxb5 {Weighted Error Value: White=0.94/Black=0.58} 0-1

[Event "Caplin British Online-ch Women 2020"]
[Site "Online"]
[Date "2020.12.29"]
[Round "6.7"]
[White "Dicen, Imogen"]
[Black "Catabay, Mae Katelyn Rose"]
[Result "1-0"]
[WhiteElo "1630"]
[BlackElo "1215"]
[Annotator "NA RC"]
[PlyCount "105"]
[EventDate "2020.12.21"]
[EventType "swiss"]
[EventCountry "NET"]
[SourceTitle "playchess.com"]
[Source "ChessBase"]
[SourceQuality "1"]

1. e4 {[%emt 0:00:04]} c5 {[%emt 0:00:07]} 2. g3 {[%emt 0:00:12]} Nc6 {[%emt 0:00:12]} 3. Bg2 {[%emt 0:00:03]} e6 {[%emt 0:00:12]} 4. Ne2 {[%emt 0:00:18]} Nf6 {[%emt 0:00:09]} 5. c3 {[%emt 0:00:28]} d5 {[%emt 0:00:45]} 6. exd5 {[%emt 0:00:44]} exd5 {[%emt 0:00:18]} 7. O-O {[%emt 0:01:44]} Be6 {[%emt 0:02:25]} 8. d4 {[%emt 0:00:37]} Bd6 {[%emt 0:03:17]} 9. Bf4 {[%emt 0:05:08]} cxd4 {[%emt 0:03:19]} 10. Bxd6 {[%emt 0:00:38]} Qxd6 {[%emt 0:01:01]} 11. Nxd4 {[%emt 0:00:06]} Nxd4 {[%emt 0:03:50]} 12. Qxd4 {[%emt 0:00:06]} h5 {[%emt 0:07:41]} 13. Na3 {[%emt 0:04:24]} Qd7 {[%emt 0:03:39]} 14. Rfe1 {[%emt 0:01:25]} O-O {[%emt 0:01:01]} 15. Rad1 {[%emt 0:01:24]} Rfd8 {[%emt 0:01:13]} 16. Nc2 {[%emt 0:01:59]} b6 {[%emt 0:03:55]} 17. Nb4 {[%emt 0:02:55]} Rac8 {[%emt 0:04:36]} 18. Qd2 {[%emt 0:03:51]} Bg4 {[%emt 0:05:00]} 19. Rc1 {[%emt 0:04:48]} Qf5 {[%emt 0:02:26]} 20. Nc2 {[%emt 0:04:58]} Ne4 {[%emt 0:01:13]} 21. Qe3 {[%emt 0:01:08]} Ng5 {[%emt 0:01:07]} 22. Nd4 {[%emt 0:00:45]} Qf6 {[%emt 0:01:18]} 23. f3 {[%emt 0:02:58]} Bf5 {[%emt 0:00:47]} 24. Rcd1 {[%emt 0:01:24]} Ne6 {[%emt 0:00:22]} 25. Nxf5 {[%emt 0:00:51]} Qxf5 {[%emt 0:00:06]} 26. f4 {[%emt 0:00:05]} Rc7 {[%emt 0:00:33]} 27. Rd3 {[%emt 0:01:04]} Rcd7 {[%emt 0:00:09]} 28. Red1 {[%emt 0:00:10]} Nc5 {[%emt 0:00:17]} 29. R3d2 {[%emt 0:00:34]} Ne6 {[%emt 0:00:28]} 30. h3 {[%emt 0:00:33]} Nc5 {[%emt 0:00:21]} 31. Kh2 {[%emt 0:00:11]} Ne6 {[%emt 0:00:05]} 32. h4 {[%emt 0:00:36]} Nc5 {[%emt 0:00:29]} 33. Bh3 {[%emt 0:00:46]} Qe4 {[%emt 0:00:15]} 34. Qxe4 {[%emt 0:00:34]} Nxe4 {[%emt 0:00:03]} 35. Rd4 {[%emt 0:00:11]} Rd6 {[%emt 0:00:12]} 36. Bg2 {[%emt 0:00:13]} Nf6 {[%emt 0:00:04]} 37. c4 {[%emt 0:00:09]} Ng4+ {[%emt 0:00:05]} 38. Kg1 {[%emt 0:00:03]} Ne3 {[%emt 0:00:10]} 39. R1d3 {[%emt 0:00:58]} Nxc4 {[%emt 0:01:03]} 40. b3 {[%emt 0:00:55]} Na5 {[%emt 0:00:11]} 41. Rxd5 {[%emt 0:00:11]} Rxd5 {[%emt 0:00:14]} 42. Rxd5 {[%emt 0:00:09]} Rxd5 {[%emt 0:00:16]} 43. Bxd5 {[%emt 0:00:02]} Nxb3 {[%emt 0:00:19]} 44. axb3 {[%emt 0:00:08]} Kf8 {[%emt 0:00:02]} 45. Kf2 {[%emt 0:00:01]} Ke7 {[%emt 0:00:01]} 46. Ke3 {[%emt 0:00:00]} f6 {[%emt 0:00:07]} 47. Kd4 {[%emt 0:00:02]} a6 {[%emt 0:00:16]} 48. Bb7 {[%emt 0:00:26]} a5 {[%emt 0:00:03]} 49. Kc4 {[%emt 0:00:01]} Kd7 {[%emt 0:00:10]} 50. Kb5 {[%emt 0:00:04]} Kc7 {[%emt 0:00:03]} 51. Bf3 {[%emt 0:00:04]} g6 {[%emt 0:00:03]} 52. Be4 {[%emt 0:00:01]} f5 {[%emt 0:00:02]} 53. Bd5 {[%emt 0:00:01]} 1-0

[Event "Caplin British Online-ch Women 2020"]
[Site "Online"]
[Date "2020.12.29"]
[Round "6.9"]
[White "Barry, Suzanne"]
[Black "Headlong, Georgia"]
[Result "1/2-1/2"]
[WhiteElo "1375"]
[BlackElo "1584"]
[Annotator "NA RC"]
[PlyCount "67"]
[EventDate "2020.12.21"]
[EventType "swiss"]
[EventCountry "NET"]
[SourceTitle "playchess.com"]
[Source "ChessBase"]
[SourceQuality "1"]

1. e4 {[%emt 0:00:02]} e5 {[%emt 0:00:04]} 2. Nf3 {[%emt 0:00:02]} Nf6 {[%emt 0:00:03]} 3. Nc3 {[%emt 0:00:13]} Nc6 {[%emt 0:00:03]} 4. Bc4 {[%emt 0:00:59]} Nxe4 {[%emt 0:00:16]} 5. Nxe4 {[%emt 0:00:21]} d5 {[%emt 0:00:05]} 6. Bd3 {[%emt 0:00:47]} dxe4 {[%emt 0:00:12]} 7. Bxe4 {[%emt 0:00:04]} Bd6 {[%emt 0:01:17]} 8. Bxc6+ {[%emt 0:00:39]} bxc6 {[%emt 0:00:04]} 9. O-O {[%emt 0:00:16]} O-O {[%emt 0:00:13]} 10. Re1 {[%emt 0:00:41]} Re8 {[%emt 0:00:49]} 11. d3 {[%emt 0:00:30]} Bg4 {[%emt 0:01:05]} 12. Qe2 {[%emt 0:03:48]} Qf6 {[%emt 0:03:44]} 13. Qe4 {[%emt 0:00:32]} Bxf3 {[%emt 0:00:30]} 14. gxf3 {[%emt 0:01:06]} Qg6+ {[%emt 0:05:58]} 15. Qxg6 {[%emt 0:02:36]} hxg6 {[%emt 0:00:07]} 16. Re4 {[%emt 0:00:43]} Reb8 {[%emt 0:03:35]} 17. b3 {[%emt 0:00:19]} Rb4 {[%emt 0:02:15]} 18. Rxb4 {[%emt 0:00:30]} Bxb4 {[%emt 0:00:04]} 19. Bb2 {[%emt 0:00:06]} f6 {[%emt 0:01:53]} 20. c3 {[%emt 0:01:00]} Bd6 {[%emt 0:01:20]} 21. Re1 {[%emt 0:00:19]} Kf7 {[%emt 0:00:52]} 22. c4 {[%emt 0:01:18]} a5 {[%emt 0:01:42]} 23. Bc3 {[%emt 0:01:17]} Bb4 {[%emt 0:02:57]} 24. Bxb4 {[%emt 0:01:04]} axb4 {[%emt 0:00:06]} 25. Re2 {[%emt 0:01:37]} Ra5 {[%emt 0:01:37]} 26. Kg2 {[%emt 0:00:52]} Ke6 {[%emt 0:00:17]} 27. f4 {[%emt 0:00:23]} Kd6 {[%emt 0:02:18]} 28. fxe5+ {[%emt 0:00:16]} Rxe5 {[%emt 0:00:14]} 29. Rd2 {[%emt 0:03:08]} Ra5 {[%emt 0:03:18]} 30. d4 {[%emt 0:00:43]} f5 {[%emt 0:03:12]} 31. f4 {[%emt 0:01:40]} Ke6 {[%emt 0:00:39]} 32. h4 {[%emt 0:01:33]} Ra8 {[%emt 0:03:16]} 33. Kg3 {[%emt 0:01:46]} Kd6 {[%emt 0:00:14]} 34. Re2 {[%emt 0:01:35]} 1/2-1/2

[Event "Caplin British Online-ch Women 2020"]
[Site "Online"]
[Date "2020.12.29"]
[Round "6.10"]
[White "Wilson, Florence"]
[Black "Rida, Ruqayyah"]
[Result "0-1"]
[WhiteElo "1154"]
[BlackElo "1459"]
[Annotator "NA RC"]
[PlyCount "88"]
[EventDate "2020.12.21"]
[EventType "swiss"]
[EventCountry "NET"]
[SourceTitle "playchess.com"]
[Source "ChessBase"]
[SourceQuality "1"]

1. e4 {[%emt 0:00:13]} e5 {[%emt 0:00:13]} 2. Nf3 {[%emt 0:00:23]} Nc6 {[%emt 0:00:22]} 3. Bc4 {[%emt 0:00:03]} Bc5 {[%emt 0:00:26]} 4. b4 {[%emt 0:00:03]} Bxb4 {[%emt 0:00:13]} 5. c3 {[%emt 0:00:05]} Ba5 {[%emt 0:00:05]} 6. d4 {[%emt 0:00:25]} exd4 {[%emt 0:00:21]} 7. Qb3 {[%emt 0:00:25]} Qe7 {[%emt 0:00:32]} 8. O-O {[%emt 0:00:04]} Nf6 {[%emt 0:01:07]} 9. Ba3 {[%emt 0:01:48]} d6 {[%emt 0:00:52]} 10. e5 {[%emt 0:00:54]} Ne4 {[%emt 0:04:31]} 11. cxd4 {[%emt 0:01:36]} O-O {[%emt 0:01:01]} 12. Qe3 {[%emt 0:01:28]} Bf5 {[%emt 0:04:37]} 13. Bd3 {[%emt 0:01:30]} Nxd4 {[%emt 0:03:37]} 14. Nxd4 {[%emt 0:02:30]} Qxe5 {[%emt 0:00:53]} 15. Nxf5 {[%emt 0:01:34]} Qxa1 {[%emt 0:00:35]} 16. Qxe4 {[%emt 0:00:54]} g6 {[%emt 0:02:24]} 17. Nh6+ {[%emt 0:01:08]} Kg7 {[%emt 0:01:39]} 18. Ng4 {[%emt 0:00:31]} f5 {[%emt 0:01:33]} 19. Qe2 {[%emt 0:00:11]} Rfe8 {[%emt 0:06:50]} 20. Bb2+ {[%emt 0:00:07]} Kf8 {[%emt 0:00:18]} 21. Qxe8+ {[%emt 0:00:07]} Rxe8 {[%emt 0:00:04]} 22. Bxa1 {[%emt 0:00:04]} fxg4 {[%emt 0:00:03]} 23. Bc3 {[%emt 0:00:49]} Bxc3 {[%emt 0:00:10]} 24. Nxc3 {[%emt 0:00:02]} c5 {[%emt 0:00:11]} 25. Nb5 {[%emt 0:00:04]} d5 {[%emt 0:00:39]} 26. Be2 {[%emt 0:00:54]} Rxe2 {[%emt 0:00:13]} 27. f3 {[%emt 0:00:18]} gxf3 {[%emt 0:00:29]} 28. Rxf3+ {[%emt 0:00:02]} Kg7 {[%emt 0:00:18]} 29. a3 {[%emt 0:00:12]} a6 {[%emt 0:00:22]} 30. Nd6 {[%emt 0:00:08]} Re7 {[%emt 0:00:22]} 31. h4 {[%emt 0:00:04]} b5 {[%emt 0:00:28]} 32. Rf1 {[%emt 0:00:07]} d4 {[%emt 0:00:25]} 33. g4 {[%emt 0:00:16]} c4 {[%emt 0:00:40]} 34. h5 {[%emt 0:00:03]} d3 {[%emt 0:00:48]} 35. g5 {[%emt 0:00:02]} d2 {[%emt 0:00:48]} 36. h6+ {[%emt 0:00:04]} Kg8 {[%emt 0:00:15]} 37. a4 {[%emt 0:00:08]} Re1 {[%emt 0:00:08]} 38. axb5 {[%emt 0:00:07]} Rxf1+ {[%emt 0:00:02]} 39. Kxf1 {[%emt 0:00:04]} d1=Q+ {[%emt 0:00:03]} 40. Kf2 {[%emt 0:00:01]} Qxd6 {[%emt 0:00:01]} 41. bxa6 {[%emt 0:00:02]} Qxa6 {[%emt 0:00:02]} 42. Ke2 {[%emt 0:00:01]} Qa3 {[%emt 0:00:01]} 43. Kd2 {[%emt 0:00:01]} Qb3 {[%emt 0:00:03]} 44. Kc1 {[%emt 0:00:02]} Qa2 {[%emt 0:00:01]} 0-1